<The> Tax/Benefit Position of Production Workers Annual Report

Salvato in:
Dettagli Bibliografici
Natura: Libro
Lingua:inglese
francese
Pubblicazione: Paris OECD 1993
Edizione:1. ed.
Soggetti:
Tags: Aggiungi Tag
Nessun Tag, puoi essere il primo ad aggiungerne!!

MARC

LEADER 00000nam a2200000 4500
001 c005129
005 20240422080322.8
020 |a 92-64-03898-1 
041 0 |a eng 
041 0 |a fre 
044 |a FR 
245 1 0 |a <The> Tax/Benefit Position of Production Workers  |b Annual Report 
250 |a 1. ed. 
264 1 |a Paris  |b OECD  |c 1993 
300 |a 257 s. 
610 2 0 |a dane z príjmov 
610 2 0 |a zabezpečenie sociálne 
610 2 0 |a príjmy 
610 2 0 |a príspevky sociálne 
610 2 0 |a domácnosti 
610 2 0 |a robotníci 
610 2 0 |a Mexiko